Zdokonalování provozních režimů ve velkoprodejnách /

Main Author: Janula, Ladislav
Language: Czech
Published: Praha : Výzkumný ústav obchodu, 1976
Edition: 1. vyd.
Series: Knižnice Výzkumného ústavu obchodu
Physical Description: 50 s. ; 8°
Language note: Německé a ruské resumé
Book
Saved in:
LEADER 01008nam a22003132a 4500
001 001219516
003 CZ BrMZK
005 20121206075327.0
007 ta
008 120604s1976 xr er|||||||||||cze d
015 |a cnb000409670 
035 |a (OCoLC)42160152 
040 |a ABA001  |b cze  |d ABA001  |d BOA001 
041 0 |a cze  |b ger  |b rus 
080 9 |a 381.51:65.01 
100 1 |a Janula, Ladislav  |7 jx20040820009  |4 edt 
245 1 0 |a Zdokonalování provozních režimů ve velkoprodejnách /  |c zpracoval Ladislav Janula 
250 |a 1. vyd. 
260 |a Praha :  |b Výzkumný ústav obchodu,  |c 1976 
300 |a 50 s. ;  |c 8° 
490 1 |a Knižnice Výzkumného ústavu obchodu ;  |v č. 71 
500 |a 400 výt. 
504 |a Obsahuje bibliografii 
546 |a Německé a ruské resumé 
830 0 |a Knižnice Výzkumného ústavu obchodu 
910 |a BOA001  |b 2-0764.917 
990 |a BK 
991 |b 201206 
996 7 |b 2619520565  |c 2-0764.917  |l MZK  |r Sklad / do 1 hodiny  |n 0  |w 001253349  |u 000010  |a 1  |e BOA001  |j MZK50  |s A